000 00551nam a22002297a 4500
001 34345
003 UA-OsUOA
005 20220710152935.0
007 ta
008 20050928b un ||||| |||| 00| 0 ukr d
040 _aUA-OsUOA
_brus
_cUA-OsUOA
_dUA-OsUOA
041 _arus
080 _a821.131.1
090 _a821.131.1
_bМ79
100 _aМоравиа А.
245 _aЧочара
_bроман
260 _aМ.
_bИностранная литература
_c1958
300 _a321 с.
650 7 _2UDC
942 _cBK
_2udc
955 _a3
999 _c320776
_d320776